Kinh tế chính trị (Chương trình cao cấp); T2
Sách đề cập một cách có hệ thống các vấn đề tương đối về lịch sử tư tưởng kinh tế trước Marx, về các phương thức sản xuất và các học thuyết kinh tế; về vấn đề kinh tế Việt Nam, lịch sử tư tưởng kinh tế Việt Nam và những vâ...
Сохранить в:
| Формат: | |
|---|---|
| Язык: | Undetermined |
| Опубликовано: |
Hà Nội
Chính Trị Quốc Gia
1997
|
| Предметы: | |
| Метки: |
Добавить метку
Нет меток, Требуется 1-ая метка записи!
|
| Thư viện lưu trữ: | Trung tâm Học liệu Trường Đại học Cần Thơ |
|---|
| LEADER | 00966nam a2200157Ia 4500 | ||
|---|---|---|---|
| 001 | CTU_32639 | ||
| 008 | 210402s9999 xx 000 0 und d | ||
| 082 | |a 335 | ||
| 082 | |b K312/T2 | ||
| 245 | 0 | |a Kinh tế chính trị (Chương trình cao cấp); T2 | |
| 260 | |a Hà Nội | ||
| 260 | |b Chính Trị Quốc Gia | ||
| 260 | |c 1997 | ||
| 520 | |a Sách đề cập một cách có hệ thống các vấn đề tương đối về lịch sử tư tưởng kinh tế trước Marx, về các phương thức sản xuất và các học thuyết kinh tế; về vấn đề kinh tế Việt Nam, lịch sử tư tưởng kinh tế Việt Nam và những vấn đề kinh tế chính trị của thời kỳ quá độ lên chủ nghĩa xã hội | ||
| 650 | |a capitalism,communism,economic policy,socialism | ||
| 980 | |a Trung tâm Học liệu Trường Đại học Cần Thơ | ||